00500 2200193 4500001002100000005001500021035002000036007000300056008004100059020002200100082001300122084001900135100001700154245003000171250001600201260003300217300004600250990001000296INLIS00000000000407620251009023230 a0010-1025000025ta251009 g f ind  a978-623-310-259-9 a899.2213 a899.2213 NUR t0 aNurwina Sari1 a3726 MDPL /cNurwina Sari aEd.1. cet.6 aJakarta :bRomancious,c2025 a280 hlm. :btanpa ilustrasi ;c13 x 19 cm a13451